| 000 | 00677cam a22002055a 4500 | ||
|---|---|---|---|
| 001 | L156701 | ||
| 008 | 120626s1837 xxk f 000 0 eng d | ||
| 035 | _a(Sirsi) u156701 | ||
| 041 | 0 | _aeng | |
| 100 | 1 |
_aBuckland, William _d1784-1856 |
|
| 245 | 0 | 0 | _aGeology and mineralogy considered with reference to natural theology |
| 250 | _aSecond edition | ||
| 260 |
_aLondon _bWilliam Pickering _c1837 |
||
| 300 |
_a2 v. _bill. (69 leaves of plates, many folded, some col.) _c23 cm. |
||
| 520 | _aLibrary holds volume 1 only. | ||
| 583 |
_aCondition reviewed _c20120620 _lcondition level 3 |
||
| 651 | 4 |
_aGreat Britain _y1707- |
|
| 690 |
_aMinerals and waste _96257 |
||
| 942 | _n0 | ||
| 999 |
_c114369 _d114369 |
||